000 00585nam a22002297a 4500
003 UA-OsUOA
001 48158
007 ta
008 20070830b un ||||| |||| 00| 0 ukr d
100 _aЗаморий Т.П.
090 _a82.09
_bЗ-26
942 _cBK
040 _aUA-OsUOA
_brus
_cUA-OsUOA
_dUA-OsUOA
245 _aСовременный русский рассказ
300 _a253 с.
955 _a2
041 _arus
080 _a82.09
260 _aК.
_c1968
650 7 _a82 Література. Літературознавство
_2UDC
999 _c334273
_d334273